The Emissions Reduction Potential for Freight Transport on a High-speed Rail Line Along the ’European Silk Road’

Saved in:
Bibliographic Details
Main Author: Arsenev, Aleksandr
Other Authors: Angers, Erica, Holzner, Mario
Format: Book
Language:English
Published: Vienna The Vienna Institute for International Economic Studies 2023
Subjects:
Tags: Add Tag
No Tags, Be the first to tag this record!

MARC

LEADER 00000nlm a2200000 4500
001 0296397
005 20240416114210.9
041 0 |a eng 
044 |a AT 
245 1 0 |a The Emissions Reduction Potential for Freight Transport on a High-speed Rail Line Along the ’European Silk Road’  |c Aleksandr Arsenev, Erica Angers and Mario Holzner 
264 1 |a Vienna  |b The Vienna Institute for International Economic Studies  |c 2023 
300 |a 25 s. 
610 2 0 |a emisie 
610 2 0 |a ochrana prostredia životného 
610 2 0 |a doprava nákladná 
610 2 0 |a zmeny klimatické 
610 2 0 |a rozvoj trvalo udržateľný 
610 2 0 |a Európska únia 
100 1 |a Arsenev, Aleksandr 
700 1 |a Angers, Erica 
700 1 |a Holzner, Mario